Matching Country Flag-Shape - Sudden Death - Statistics

General Stats
  • This quiz has been taken 654 times
  • The average score is 6 of 15
Answers on the Grid
Answers color-coded by a green-red scale on the quiz's grid according to % correct below.
 
Answer Stats
Answer % Correct
Australia
64%
Cuba
47%
North Korea
44%
Poland
44%
United Arab Emirates
39%
Senegal
38%
Trinidad and Tobago
37%
Liberia
35%
Guatemala
35%
Gabon
33%
Lesotho
31%
South Sudan
31%
San Marino
30%
East Timor
29%
Guinea Bissau
24%
No matching quizzes found
Score Distribution
Percent of People with Each Score
Percentile by Number Answered
Your Score History
You have not taken this quiz